000
00337 a2200157 4500
001
170516
020
_a
040
_c
Magnum
100
_a
Colasanti, Marina
240
1
0
_a
Ana z. aonde vai voce ?
_l
por
245
1
0
_a
Ana z. aonde vai voce ?
362
0
_a
1899
440
1
_a
Ática
697
_a
J/ADOLESCENTE, NAMORO
942
_c
BK
999
_c
170516
_d
170516